Proceedings of the 6th International Conference on European Integration 2022 Collection

Gespeichert in:
Bibliographische Detailangaben
Körperschaft: Proceedings of the 6th International Conference on European Integration 2022
Weitere Verfasser: Staníčková, Michaela, Melecký, Lukáš, Borowicz, Aleksandra, Dvoroková, Kateřina
Format: Buch
Sprache:Englisch
Veröffentlicht: Ostrava VŠB - Technical University of Ostrava 2022
Ausgabe:1st Edition
Schlagworte:
Tags: Tag hinzufügen
Keine Tags, Fügen Sie das erste Tag hinzu!

MARC

LEADER 00000nam a2200000 4500
001 0283952
005 20240822101719.1
020 |a 978-80-248-4604-0 
020 |a 978-80-248-4605-7 
022 |a 2571-029X (print) 
022 |a 2788-095 (on-line) 
041 0 |a eng 
044 |a CZ 
245 1 0 |a Proceedings of the 6th International Conference on European Integration 2022  |b Collection  |c Editors: Michaela Staníčková, Lukáš Melecký 
250 |a 1st Edition 
264 1 |a Ostrava  |b VŠB - Technical University of Ostrava  |c 2022 
300 |a 816 s. 
610 2 0 |a integrácia ekonomická medzinárodná 
610 2 0 |a spolupráca hospodárska medzinárodná 
610 2 0 |a vzťahy hospodárske medzinárodné 
700 1 |a Staníčková, Michaela 
700 1 |a Melecký, Lukáš 
700 1 |a Borowicz, Aleksandra 
700 1 |a Dvoroková, Kateřina 
110 2 |a Proceedings of the 6th International Conference on European Integration 2022